000 00305nam a2200133Ia 4500
008 231129s1946||||xx |||||||||||||| ||spa||
040 _bspa
082 _aEc868 M764e
100 _aMontalvo Juan
245 0 _aEnsayos narraciones y polemica
260 _c1946
264 _aJackson
942 _2ddc
_cBKS
999 _c13119
_d13119